| 000 | 01168nam a2200337 c 4500 | ||
|---|---|---|---|
| 001 | 991053653159708606 | ||
| 003 | SpMaBN | ||
| 005 | 20260407124401.0 | ||
| 008 | 231228s2023 sp a 000 0 spa | ||
| 015 | _aMON23 | ||
| 017 |
_aLE 293-2023 _bOficina Depósito Legal León |
||
| 020 | _a9788412525984 | ||
| 035 | _a(SpMaBN)a7406242 | ||
| 040 |
_aSpMaBN _bspa _cSpMaBN _erda |
||
| 041 | _aCastellano | ||
| 080 | _a331.105.44(460.18)"1962/82" | ||
| 100 | 1 |
_aMartínez Rodríguez, Alejandro _d1987- _eautor _4aut |
|
| 245 | 1 | 0 |
_aConquistar el pan y la libertad : _bhistoria de las Comisiones Obreras en Laciana y El Bierzo (1962-1982) _cAlejandro Martínez Rodríguez |
| 264 | 1 |
_aSan Roman de la Vega (León) _bMarciano Sonoro Ediciones _c[2023] |
|
| 264 | 4 | _a©2023 | |
| 300 |
_a340 páginas _bilustraciones, fotografías (blanco y negro) _c21 cm |
||
| 336 |
_aTexto _2rdacontent |
||
| 337 |
_asin mediación _2rdamedia |
||
| 338 |
_avolumen _2rdacarrier |
||
| 490 | 0 |
_aEspejo y realidad _v5 |
|
| 504 | _aBibliografía: páginas 331-340 | ||
| 610 | 2 | 7 |
_aComisiones Obreras _bCastilla y León _2embne |
| 901 | _a"ISBN" | ||
| 942 |
_2ddc _cBK _n0 |
||
| 956 | _a2 | ||
| 999 |
_c790 _d790 |
||